00917 2200301 4500001002100000005001500021035002000036007000300056040001200059100003400071245012300105250001100228300003100239041000800270082000800278084001400286090002000300264003100320336002100351337003000372338002300402650001500425700008000440850001000520008004100530990002200571990002200593INLIS00000000000645120260412075859 a0010-0422000056ta aSBPUPAD0 aHelyantini SoetopoePengarang1 aPintar Memakai Alat Bantu Ajar /cHelyantini Soetopo ;Editor Ke-1,Dyah Novieta Handayani ,Editor Ke-2,Amanda Setiorini aCet.12 a84 Hal. :billus. ;c25 cm 7aind a372 a372 HEL p a371 SAM m 14 5 aJakarta :bErlangga,c2009 2rdacontentaTeks 2rdamediaaTanpa Perantara 2rdacarrieravolume 4aBahan Ajar0 aEditor Ke-1,Dyah Novieta Handayani ,Editor Ke-2,Amanda SetioriniePengarang aPUPAD260412 0  a27.146/H/DPK/2018 a27.147/P/DPK/2018